000 00548nam a2200181Ia 4500
008 090201s9999 xx 000 0 und d
010 _aKPL-69669
040 _bमराठी
041 _aमराठी
082 _a48240
_b69669
100 _aअनिल टी कुलकर्णि
245 _aतिरंदाज
_cअनिल टी कुलकर्णि
250 _a1
260 _c2006
_bमनोरमा प्रकाशन
300 _a216
_bलहान
600 _aतिरंदाज
942 _cBOOK
999 _c244893
_d244893